| 000 | 00466nam a22001577a 4500 | ||
|---|---|---|---|
| 003 | macl | ||
| 005 | 20190525133742.0 | ||
| 008 | 190525b xxu||||| |||| 00| 0 eng d | ||
| 040 | _cmacl | ||
| 082 | _a200 | ||
| 100 |
_aचौधरी ,डॉ लालसिंह _974958 |
||
| 245 | _aरामचरितमानस | ||
| 260 |
_aदिल्ली _bनवयुग साहित्य _c2018 |
||
| 650 |
_aधर्म _974959 |
||
| 942 |
_2ddc _cHIN |
||
| 999 |
_c59847 _d59847 |
||